Science Quiz

Random Science or Letter Quiz

Non-Common Element Names and Symbols Quiz Stats

Quiz not verified by Sporcle

Also try: Think Fast Math II
Challenge
Share
Tweet
Embed
Score 0/9 Timer 05:00
0 Plays Today
Element % Correct
Silver
93.8%
Gold
93.8%
Potassium
84.4%
Lead
81.3%
Mercury
78.1%
Iron
71.9%
Antimony
71.9%
Tungsten
68.8%
Sodium
56.3%

You're not logged in!

Compare scores with friends on all Sporcle quizzes.
Join for Free
OR
Log In

You Might Also Like...

Show Comments

Extras

Top Quizzes Today


Score Distribution

Your Account Isn't Verified!

In order to create a playlist on Sporcle, you need to verify the email address you used during registration. Go to your Sporcle Settings to finish the process.

Report this User

Report this user for behavior that violates our Community Guidelines.

Details: